List zo Šale

Bibliographic Details
Main Authors: Tóth, Károly, 1959-2016 (Author), Sándor, Eleonóra (Author)
Format: Article
Language:Slovak
PhysicalDescription:Obr. 2.
Subjects:

MARC

LEADER 00000nab a2200000 a 4500
001 vtls000368612
003 SK-MaSNL
005 20260304221802.0
008 160202c1989 xo 0 slo
015 |a SNBRB19rr/mm-uuuuu 
035 |a CL0368734 
040 |a SNKBUCL  |b slo  |c SNKBUCL  |e AACR2 
041 0 |a slo 
044 |a xo  |c SK 
080 |a 323.1(437)  |2 1981 
080 |a 323.1(439)  |2 1981 
100 1 |a Tóth, Károly,  |d 1959-2016  |4 aut  |9 247243 
245 1 0 |a List zo Šale  |c Károly Tóth, Eleonóra Sándor 
300 |b Obr. 2. 
650 0 7 |a Slováci v zahraničí  |2 snkbucl  |9 14695 
650 0 7 |a Maďari v ČSSR  |2 snkbucl  |9 953776 
651 7 |a Maďarsko  |2 snkbucl  |9 16754 
655 7 |a články z novín a časopisov  |2 snkbucl  |9 267496 
700 1 |a Sándor, Eleonóra  |4 aut  |9 480309 
773 0 |t Literárny týždenník  |g Roč. 2, č. 35 (1989), s. 12-13 
850 |a Slovenská národná knižnica v Martine  |a MTA001 
852 |a SNK  |b KIS3GCP 
958 |a RK 
958 |a HU 
999 |c 3159752  |d 3161682